| 000 | 00347nam a2200133Ia 4500 | ||
|---|---|---|---|
| 008 | 200103s9999||||xx |||||||||||||| ||und|| | ||
| 040 | _aIMU-MPC | ||
| 082 | _aColumn-42 | ||
| 100 | _aReintjes, J. Francis and Coate, Godfrry T. | ||
| 245 | 0 | _aPrinciples of Radar | |
| 260 |
_bMcGraw-Hill Book Company, Inc. _c1952 |
||
| 300 | _axv, 985 | ||
| 942 | _cBK | ||
| 999 |
_c8659 _d8659 |
||